000 00744cam a2200217 a 4500
020 _a0395816742
040 _cDLC
082 0 0 _a808 CLA 1998 A093 Or.
100 1 _aPalatini, Margie.
245 1 0 _aZak's lunch /
260 _aNew York :
_bClarion Books,
_cc1998.
300 _a32 p. :
_bcol. ill. ;
_c26 cm.
520 _aRather than eat his boring old ham and cheese sandwich, Zak conjures up Lou, a waitress who serves him a delectable feast for the imagination.
650 1 _aFood
650 1 _aDinners and dining
650 1 _aImagination
700 1 _aFine, Howard,
856 4 2 _uhttp://www.loc.gov/catdir/description/hm022/97018799.html
856 4 2 _uhttp://www.loc.gov/catdir/enhancements/fy0735/97018799-b.html
942 _cEK
999 _c13233
_d13233